| 000 | 00692nam a2200265Ia 4500 | ||
|---|---|---|---|
| 001 | 9243 | ||
| 005 | 20240113234156.0 | ||
| 007 | ta | ||
| 008 | 050723s1964 a g b000 u eng u | ||
| 040 | _aCotton College,Assam | ||
| 041 | _aeng | ||
| 082 |
_a426.5 _bH 178 M |
||
| 100 | _aHamer, Enid . | ||
| 245 | 0 |
_aThe Metres of English Poetry / _cEnid Hamer. _hTextual Documents |
|
| 250 | _a4th ed. / | ||
| 260 |
_aLondon : _bMetheen & Co Ltd , _c1964. |
||
| 300 |
_axi, 340p. : _bill. ; _c20cm . |
||
| 504 | _aIndex | ||
| 653 | _aEnglish poetry-Criticism | ||
| 653 | _aEnglish language | ||
| 653 | _aMS-English | ||
| 942 |
_2ddc _cBK |
||
| 999 |
_c9230 _d9230 |
||